<?xml version="1.0" encoding="UTF-8"?>
<collection xmlns="http://www.loc.gov/MARC21/slim">
 <record>
  <leader>02211nam a22002777a 4500</leader>
  <controlfield tag="001">NCT_68164</controlfield>
  <controlfield tag="008">190906b        xxu||||| |||| 00| 0 vie d</controlfield>
  <datafield tag="999" ind1=" " ind2=" ">
   <subfield code="c">3296</subfield>
   <subfield code="d">3296</subfield>
  </datafield>
  <datafield tag="020" ind1=" " ind2=" ">
   <subfield code="a">9786045841242</subfield>
   <subfield code="c">79000</subfield>
  </datafield>
  <datafield tag="082" ind1="0" ind2="4">
   <subfield code="2">23rd ed.</subfield>
   <subfield code="a">658.409</subfield>
   <subfield code="b">M571</subfield>
  </datafield>
  <datafield tag="100" ind1="1" ind2=" ">
   <subfield code="a">Merrill, Mike</subfield>
  </datafield>
  <datafield tag="245" ind1="1" ind2="0">
   <subfield code="a">Dám dẫn đầu =</subfield>
   <subfield code="b">Dare to lead</subfield>
   <subfield code="c">Mike Merrill ; Diệp Minh Tâm, Trần Thị Bích Nga, Nguyễn Văn Phước (dịch)</subfield>
  </datafield>
  <datafield tag="260" ind1=" " ind2=" ">
   <subfield code="a">Tp. Hồ Chí Minh</subfield>
   <subfield code="b">Tổng hợp Tp. Hồ Chí Minh</subfield>
   <subfield code="c">2017</subfield>
  </datafield>
  <datafield tag="300" ind1=" " ind2=" ">
   <subfield code="a">300 tr.</subfield>
   <subfield code="b">minh họa</subfield>
   <subfield code="c">21cm</subfield>
  </datafield>
  <datafield tag="520" ind1="3" ind2=" ">
   <subfield code="a">Cuốn sách có giá trị với những câu chuyện có thật, giải thích vì sao những con người này lại trở nên thành công vượt bậc và đột phá trong quản lý và kinh doanh. Dù bạn mới khởi nghiệp trong lĩnh vực nào, đang điều hành một công ty lớn hay nhỏ thì đây là cuốn sách rất hữu ích và cần thiết, giúp bạn thêm kinh nghiệm thực tế, đồng thời có thể vận dụng những ý tưởng này vào công việc của mình</subfield>
  </datafield>
  <datafield tag="653" ind1=" " ind2=" ">
   <subfield code="a">Sách tham khảo</subfield>
  </datafield>
  <datafield tag="700" ind1="1" ind2=" ">
   <subfield code="a">Diệp Minh Tâm</subfield>
   <subfield code="e">Dịch</subfield>
  </datafield>
  <datafield tag="700" ind1="1" ind2=" ">
   <subfield code="a">Trần Thị Bích Nga</subfield>
   <subfield code="e">Dịch</subfield>
  </datafield>
  <datafield tag="700" ind1="1" ind2=" ">
   <subfield code="a">Nguyễn Văn Phước</subfield>
   <subfield code="e">Dịch</subfield>
  </datafield>
  <datafield tag="942" ind1=" " ind2=" ">
   <subfield code="2">ddc</subfield>
   <subfield code="c">BK</subfield>
  </datafield>
  <datafield tag="952" ind1=" " ind2=" ">
   <subfield code="0">0</subfield>
   <subfield code="1">0</subfield>
   <subfield code="2">ddc</subfield>
   <subfield code="4">0</subfield>
   <subfield code="6">658_409000000000000_M571</subfield>
   <subfield code="7">0</subfield>
   <subfield code="9">17632</subfield>
   <subfield code="a">000001</subfield>
   <subfield code="b">000001</subfield>
   <subfield code="d">2019-09-06</subfield>
   <subfield code="o">658.409 M571</subfield>
   <subfield code="p">TK.01593</subfield>
   <subfield code="r">2019-09-06</subfield>
   <subfield code="v">79000.00</subfield>
   <subfield code="w">2019-09-06</subfield>
   <subfield code="y">BK</subfield>
  </datafield>
  <datafield tag="952" ind1=" " ind2=" ">
   <subfield code="0">0</subfield>
   <subfield code="1">0</subfield>
   <subfield code="2">ddc</subfield>
   <subfield code="4">0</subfield>
   <subfield code="6">658_409000000000000_M571</subfield>
   <subfield code="7">0</subfield>
   <subfield code="9">17633</subfield>
   <subfield code="a">000001</subfield>
   <subfield code="b">000001</subfield>
   <subfield code="d">2019-09-06</subfield>
   <subfield code="o">658.409 M571</subfield>
   <subfield code="p">TK.01594</subfield>
   <subfield code="r">2019-09-06</subfield>
   <subfield code="v">79000.00</subfield>
   <subfield code="w">2019-09-06</subfield>
   <subfield code="y">BK</subfield>
  </datafield>
  <datafield tag="952" ind1=" " ind2=" ">
   <subfield code="0">0</subfield>
   <subfield code="1">0</subfield>
   <subfield code="2">ddc</subfield>
   <subfield code="4">0</subfield>
   <subfield code="6">658_409000000000000_M571</subfield>
   <subfield code="7">0</subfield>
   <subfield code="9">17634</subfield>
   <subfield code="a">000001</subfield>
   <subfield code="b">000001</subfield>
   <subfield code="d">2019-09-06</subfield>
   <subfield code="o">658.409 M571</subfield>
   <subfield code="p">TK.01595</subfield>
   <subfield code="r">2019-09-06</subfield>
   <subfield code="v">79000.00</subfield>
   <subfield code="w">2019-09-06</subfield>
   <subfield code="y">BK</subfield>
  </datafield>
  <datafield tag="952" ind1=" " ind2=" ">
   <subfield code="0">0</subfield>
   <subfield code="1">0</subfield>
   <subfield code="2">ddc</subfield>
   <subfield code="4">0</subfield>
   <subfield code="6">658_409000000000000_M571</subfield>
   <subfield code="7">0</subfield>
   <subfield code="9">17635</subfield>
   <subfield code="a">000001</subfield>
   <subfield code="b">000001</subfield>
   <subfield code="d">2019-09-06</subfield>
   <subfield code="o">658.409 M571</subfield>
   <subfield code="p">TK.01596</subfield>
   <subfield code="r">2019-09-06</subfield>
   <subfield code="v">79000.00</subfield>
   <subfield code="w">2019-09-06</subfield>
   <subfield code="y">BK</subfield>
  </datafield>
  <datafield tag="952" ind1=" " ind2=" ">
   <subfield code="0">0</subfield>
   <subfield code="1">0</subfield>
   <subfield code="2">ddc</subfield>
   <subfield code="4">0</subfield>
   <subfield code="6">658_409000000000000_M571</subfield>
   <subfield code="7">0</subfield>
   <subfield code="9">17636</subfield>
   <subfield code="a">000001</subfield>
   <subfield code="b">000001</subfield>
   <subfield code="d">2019-09-06</subfield>
   <subfield code="o">658.409 M571</subfield>
   <subfield code="p">TK.01597</subfield>
   <subfield code="r">2019-09-06</subfield>
   <subfield code="v">79000.00</subfield>
   <subfield code="w">2019-09-06</subfield>
   <subfield code="y">BK</subfield>
  </datafield>
  <datafield tag="980" ind1=" " ind2=" ">
   <subfield code="a">Thư viện Trường Đại học Nam Cần Thơ</subfield>
  </datafield>
 </record>
</collection>
